Statistics for All U.S. States and Districts by Picture

Click here to take the quiz!

General Stats

  • This quiz has been taken 77 times
    (51 since last reset)
  • The average score is 30 of 51

Answer Stats

Answer% Correct
Nevada
93%
New York
93%
Alaska
90%
Washington (State)
90%
Arizona
87%
Florida
87%
California
83%
Hawaii
83%
Kansas
83%
South Dakota
83%
Washington, D.C.
83%
Louisiana
80%
Maine
80%
Missouri
80%
Texas
80%
Utah
80%
Massachusetts
73%
Virginia
73%
Illinois
70%
Maryland
70%
New Jersey
70%
Mississippi
67%
Iowa
63%
North Carolina
63%
Wyoming
63%
South Carolina
60%
Pennsylvania
57%
Michigan
53%
New Mexico
53%
Georgia
50%
Alabama
47%
Rhode Island
47%
Connecticut
43%
Kentucky
43%
Ohio
43%
Oregon
43%
Arkansas
37%
Colorado
37%
New Hampshire
37%
North Dakota
37%
Vermont
37%
Idaho
30%
Nebraska
30%
Oklahoma
30%
West Virginia
30%
Indiana
27%
Montana
27%
Tennessee
27%
Wisconsin
27%
Minnesota
20%
Delaware
17%

Score Distribution

Percentile by Number Answered

Percent of People with Each Score

Your Score History

You have not taken this quiz since the last reset